000 00553nam a2200205Ia 4500
003 LK-CoDNM
005 20241216125331.0
008 121122t1968 xxu||||| |||| 00| 0 sin d
040 _aLK-CoDNM
_dLK-CoDNM
_eLK-CoDNM
041 _asin
080 _a8S-14 ,19
_bPIY
100 _aPiyarathana Himi Kurunegala
245 _aහස්ති සංදේශය
246 _aHasthi Sandeshaya
260 _b.H.L.P.Thilakarathna
_a-
_c1968
300 _b18p. ; 18 cm
650 _a1968
650 _aසංදේශ කාව්‍යය
942 _cBK
999 _c77160
_d77160